000 00329nam a2200121Ia 4500
008 240731s9999 xx 000 0 und d
022 _a1536-6359
245 0 _aMeasurement: Interdisciplinary Research and Perspectives
260 _bRoutledge
856 _uhttps://www.tandfonline.com/loi/hmes20
942 _2ddc
942 _cTFEJ
999 _c78513
_d78513
945 _a1
_bMadushi Gamage
_c1
_dMadushi Gamage